000 00395nam a2200145 i 4500
001 47324
003 ES-MaACL
005 20230906161537.0
007 t|
008 030407s1972 sp ||||1| spa d
245 0 0 _aCoprogenas
_b: páginas turbias /
_cpor X ; con un prólogo de X.
260 _aMadrid :
_bStudium,
_c[1972]
300 _a64 p. ;
_c19 cm.
852 _aES-MaACL
_jC-44886
_bR.80477
999 _c47324
_d47324